Ciencias naturales 2 : (Registro nro. 9936)

Detalles MARC
000 -LIDER
fixed length control field 01549nam a22003497a 4500
003 - IDENTIFICACDOR DE NÚMERO DE CONTROL
control field DO-SdBNP
005 - DATE AND TIME OF LATEST TRANSACTION
control field 20180312111403.0
008 - ELEMENTOS DE LONGITUD FIJA
fixed length control field 160427b 2014 dr 00| 0 spa d
020 ## - ISBN
International Standard Book Number 9789945118940 (v. )
020 ## - ISBN
International Standard Book Number 9789945118919 (v. 2, e. 2)
040 ## - FUENTE DE CATALOGACIÓN
Agencia que crea de manera original el registro BPMSU
Idioma de catalogación spa
Agencia que realiza la transcripción BPMSU
082 ## - NÚMERO DE CLASIFICACIÓN DECIMAL DE DEWEY
Classification number 372.257
Item number C569n 2do. 2014
092 ## - LOCALLY ASSIGNED DEWEY DECIMAL CALL NUMBER
Número de clasificación
245 ## - MENCIÓN DE TITULO
Título Ciencias naturales 2 :
Subtítulo educación primaria /
Mención de responsabilidad Ángela Segura de Óleo ... [et al.] dirección editorial Claudia Llibre
260 ## - PUBLICACIÓN, DISTRIBUCIÓN, ETC. (PIE DE IMPRENTA)
Lugar de publicación, distribución, etc Santo Domingo :
Nombre del editor, distribuidor, etc. Santillana,
Fecha de publicación, distribución, etc 2014.
300 ## - DESCRIPCIÓN FÍSICA
Extensión 2 v. :
Otros detalles físicos il, retrs. ;
Dimensiones 28 cm.
490 1# - MENCIÓN DE SERIES
Mención de serie Proyecto todos juntos
500 ## - NOTA GENERAL
Nota general La biblioteca posee el libro y el cuaderno.
505 0# - NOTA DE CONTENIDO
Texto normalizado de contenido Unidad 1. ¿Cómo es tu cuerpo? --<br/>Unidad 2. Las plantas y los animales --<br/>Unidad 3. Alimentación y crecimiento --<br/>Unidad 4. ¿Cómo son las cosas de tu entorno? --<br/>Unidad 5. El agua --<br/>Unidad 6. Fuerza y movimiento --<br/>Unidad 7. El planeta tierra --<br/>Unidad 8. El agua y el aire en la naturaleza .
650 ## - ENCABEZAMIENTO DE MATERIA--TEMÁTICO
Término temático o nombre geográfico como elemento de entrada CIENCIAS NATURALES
Subdivisión temática general ENSEÑANZA BÁSICA
650 #4 - ENCABEZAMIENTO DE MATERIA--TEMÁTICO
Término temático o nombre geográfico como elemento de entrada CIENCIAS NATURALES
Subdivisión temática general ESTUDIOS Y EJERCICIOS
650 #4 - ENCABEZAMIENTO DE MATERIA--TEMÁTICO
Término temático o nombre geográfico como elemento de entrada CIENCIAS NATURALES
Subdivisión temática general LIBROS DE TEXTOS
650 #4 - ENCABEZAMIENTO DE MATERIA--TEMÁTICO
Término temático o nombre geográfico como elemento de entrada CIENCIAS NATURALES
Subdivisión temática general EDUCACIÓN PRIMARIA
650 #4 - ENCABEZAMIENTO DE MATERIA--TEMÁTICO
Término temático o nombre geográfico como elemento de entrada EDUCACIÓN PRIMARIA
Subdivisión geográfica REPÚBLICA DOMINICANA
700 12 - ASIENTO SECUNDARIO -- NOMBRE PERSONAL
Nombre personal Segura de Óleo, Ángela.
700 12 - ASIENTO SECUNDARIO -- NOMBRE PERSONAL
Nombre personal Llibre, Claudia,
Mención de responsabilidad ed.
830 #0 - ASIENTO SECUNDARIO DE SERIE--TÍTULO UNIFORME
Título uniforme Proyecto todos juntos
910 ## - VALIDACIÓN
Validación Validado. Control de calidad MFF
942 ## - ADDED ENTRY ELEMENTS (KOHA)
Source of classification or shelving scheme Dewey Decimal Classification
Koha item type Libros
945 ## - INFORMACIÓN DE PROCESAMIENTO LOCAL
Información de procesamiento local Remanejada para la BNPHU 2018 / BT
956 ## - LOCAL ELECTRONIC LOCATION AND ACCESS (OCLC)
Nombre de host BTAVAREZ
Número de acceso 10
Información de compresión 20160603
Trayectoria BPMSU
Nombre Electrónico 0038
Existencias
Withdrawn status Lost status Source of classification or shelving scheme Damaged status Not for loan Home library Current library Date acquired Source of acquisition Total Checkouts Full call number Barcode Date last seen Price effective from Koha item type Collection code
    Dewey Decimal Classification     Biblioteca Pública Metropolitana Salomé Ureña Biblioteca Pública Metropolitana Salomé Ureña 04/27/2016 Donación   372.257 C567n 2do. 2014 v.2 Guía BPMSU16040719 04/27/2016 04/27/2016 Libros  
    Dewey Decimal Classification     Biblioteca Pública Metropolitana Salomé Ureña Biblioteca Pública Metropolitana Salomé Ureña 04/27/2016 Donación   372.257 C567n 2do. 2014 v.2 Cuaderno BPMSU16040720 04/27/2016 04/27/2016 Libros